| 000 | 00567nam a2200205 4500 | ||
|---|---|---|---|
| 001 | 144422 | ||
| 003 | ES-MaACL | ||
| 005 | 20250911062841.0 | ||
| 007 | t| | ||
| 008 | 070214s1982 sp r ||||1| spa d | ||
| 100 | 1 |
_aSiles, Jaime, _d1951- _9106338 |
|
| 245 | 1 | 0 |
_aPoesía _b: (1969-1980) / _cJaime Siles. |
| 260 |
_aMadrid : _bVisor, _c1982. |
||
| 300 |
_a135 p. ; _c20 cm. |
||
| 490 | 1 |
_aCol. visor de poesía ; _v155 |
|
| 830 | 0 |
_aColección Visor de poesía _v155 _9177331 |
|
| 852 |
_aES-MaACL _jL-2896 _bR.103757 |
||
| 942 | _2udc | ||
| 999 |
_c144422 _d144422 |
||